000 00840nam a22002897a 4500
001 BR7400661
003 BR-BrBNA
005 20230928095143.0
007 ta
008 230509b bl.||||| |||| 00| 0 por d
040 _aBR-BrBNA
_bpor
_cBiblioteca Nacional de Agricultura
041 _a(Por)
072 _aE16; E70
_b0150
090 _ 0150 BR7400661
100 1 _aBurger, A.
110 1 _aUniversidade Federal do Rio Grande do Sul, Porto Alegre (Brasil). Faculdade de Ciencias Economicas
_911167
245 1 _aAs flutuacoes na economia orizicola do Rio Grande do Sul
260 3 _aPorto Alegre, RS (Brasil):
_c1955.
300 _a90 p.
650 _aArroz
650 _aEconomia da Producao
650 _aConsumo
650 _aPreco
650 _aRio Grande do Sul
909 _a202309
_bLucia
_c55
_dLucia Elande
942 _cBK
999 _c54839
_d54839